000 00465nam a2200181Ia 4500
001 3703
005 20260306145703.0
008 260306t2006||||xx |||||||||||||| ||spa||
041 _aESP
082 _a302.2
_bO27
100 _aOcampo Ramírez, Noel
_eAUT
245 0 _aMétodo de comunicación asertiva:
_bmétodo que acerca a las personas
260 _c2006
300 _a109 páginas :
_c23 cm.
650 _aGEN
654 _aCPS
942 _cLIB
_dJUS
_fJUS
_2ddc
_n
999 _c3703
_d3703